UBT Library

DAUGHTERS OF CANAAN (Record no. 60506)

000 -LEADER
fixed length control field 00315nam a22001457a 4500
008 - FIXED-LENGTH DATA ELEMENTS--GENERAL INFORMATION
fixed length control field 231124b ||||| |||| 00| 0 eng d
020 ## - INTERNATIONAL STANDARD BOOK NUMBER
International Standard Book Number 9780813108377
041 ## - LANGUAGE CODE
Language code of text/sound track or separate title eng
080 ## - UNIVERSAL DECIMAL CLASSIFICATION NUMBER
Universal Decimal Classification number 618
082 ## - DEWEY DECIMAL CLASSIFICATION NUMBER
Classification number 618WOL
100 ## - Rafti
Rafti 15
101 ## - Shkurtesa
Shkurtesa GJINEK
245 ## - TITLE STATEMENT
Title DAUGHTERS OF CANAAN
Statement of responsibility, etc WOLF .R.M
942 ## - ADDED ENTRY ELEMENTS (KOHA)
Source of classification or shelving scheme
Item type Books
Holdings
Withdrawn status Lost status Source of classification or shelving scheme Damaged status Not for loan Collection code Permanent location Current location Date acquired Total Checkouts Full call number Barcode Date last seen Price effective from Koha item type
          Koleksioni i përgjithshem UBT - Lipjan UBT - Lipjan 11/24/2023   618WOL 002-800070464 11/24/2023 11/24/2023 Books
UBT Library © 2015-2024. All rights reserved University Education for Business and Technology